Normal view
MARC view
- اللغة العربية المعاصرة-اللغة-الصرف-النحو
Entry Topical Term
001 - CONTROL NUMBER
- control field: 40206
003 - CONTROL NUMBER IDENTIFIER
- control field: JO-AjAnu
005 - DATE AND TIME OF LATEST TRANSACTION
- control field: 20230606080659.0
008 - FIXED-LENGTH DATA ELEMENTS
- fixed length control field: 230606|| aca||aabn | a|a d
040 ## - CATALOGING SOURCE
- Original cataloging agency: JO-AjAnu
- Transcribing agency: JO-AjAnu
150 ## - HEADING--TOPICAL TERM
- Topical term or geographic name entry element: اللغة العربية المعاصرة-اللغة-الصرف-النحو
670 ## - SOURCE DATA FOUND
- Source citation: Work cat.: (JO-AjAnu)20610: تاليف حسين، محمد كامل, author 40205, اللغة العربية المعاصرة